• 首页
  • 本馆介绍
  • 公告通知
  • 最新文献
  • 馆藏检索
  • 电子资源
  • 读者导购
  • 参考咨询
  • 我的图书馆
  • 登录
  • 详细信息显示
  • 放入我的书架
  • 预约/预借图书
  • 作者相关作品
  • 分类相关作品
  • 丛书相关作品
  • 出版社相关作品

书目信息

  • 表格格式
  • 工作单格式
  • 卡片格式
题名:
中国城池史
    
 
作者: 张驭寰 著
分册:  
出版信息: 北京   中国友谊出版公司  2015.9
页数: 375页
开本: 24cm
丛书名:
单 册:
中图分类: TU-098.12
科图分类:
主题词: 古城--建筑史--中国
电子资源:
ISBN: 978-7-5057-3540-8
000 01050nam0 2200241 450
001 0400004740
005 20171026151256.76
010    @a978-7-5057-3540-8@dCNY48.00
100    @a20151126d2015 em y0chiy0110 ea
101 0  @achi
102    @aCN@b110000
105    @aa z 000yy
106    @ar
200 1  @a中国城池史@9zhong guo cheng chi shi@f张驭寰著
205    @a第2版
210    @a北京@c中国友谊出版公司@d2015.9
215    @a375页@c图@d24cm
330    @a本书讲述了:我国城池起源甚早,经过五千多年筑城的发展,从都城到一般城池,近于千座,再加上明清以来各县镇建城至少有三千多座,总计四至五千座城池。这是浩大壮伟的工程,显示出中国先民的气魄。同时是我国的一笔宝贵财富。这些城池不仅数量多,而且其中有许多城池规划设计手法于今天做城市规划有直接应用的意义。特别是其中的军事防卫思想,战备攻城思想渗入其中,对当今军事学中的战斗学、防守进攻学等方面有很大的指导意义。
606 0  @a古城@x建筑史@y中国
690    @aTU-098.12@v5
701  0 @a张驭寰@9zhang yu huan@f(1926-)@4著
801  0 @aCN@b91MARC@c20171024
905    @b1039105-9@dTU-098.12@f5@e188=2
    
    中国城池史/张驭寰著.-第2版.-北京:中国友谊出版公司,2015.9
    375页:图;24cm
    
    
    ISBN 978-7-5057-3540-8:CNY48.00
    本书讲述了:我国城池起源甚早,经过五千多年筑城的发展,从都城到一般城池,近于千座,再加上明清以来各县镇建城至少有三千多座,总计四至五千座城池。这是浩大壮伟的工程,显示出中国先民的气魄。同时是我国的一笔宝贵财富。这些城池不仅数量多,而且其中有许多城池规划设计手法于今天做城市规划有直接应用的意义。特别是其中的军事防卫思想,战备攻城思想渗入其中,对当今军事学中的战斗学、防守进攻学等方面有很大的指导意义。
●
相关链接 在E读中查询图书 在五车中查询图书 在当当中查询图书 在豆瓣中查询图书


正题名:中国城池史     索取号:TU-098.12/188=2         预约/预借

序号 登录号 条形码 馆藏地/架位号 状态 备注
1 1039105   210391057   第二样本阅览室/ [索取号:TU-098.12/188=2] 在馆    
2 1039106   210391066   密集书库-生命科学系/ [索取号:TU-098.12/188=2] 在馆    
3 1039107   210391075   第三借阅区/ [索取号:TU-098.12/188=2] 在馆    
4 1039108   210391084   第三借阅区/ [索取号:TU-098.12/188=2] 在馆    
5 1039109   210391093   第三借阅区/ [索取号:TU-098.12/188=2] 在馆    
唐山师范学院图书馆 欢迎您!
大连网信软件有限公司© 版权所有